Namiesto informátora zatiaľ kovové lešenie Košickú autobusovú stanicu by mali zrekonštruovať do troch mesiacov

Bibliographic Details
Main Author: Sambor, Miroslav (Author)
Format: Article
Language:Slovak
PhysicalDescription:2 foto
Subjects:

MARC

LEADER 00000nab a2200000 a 4500
001 vtls000933139
003 SK-MaSNL
005 20260303034443.0
008 040720e20040519xo 0 slo
035 |a KE42016 
040 |a KEVKJB  |b slo  |c KEVKJB  |e AACR2 
041 0 |a slo 
044 |a xo  |c SK 
080 |a 656.132  |2 1981 
080 |a 725.38  |2 1981 
100 1 |a Sambor, Miroslav  |4 aut  |9 872736 
245 1 0 |a Namiesto informátora zatiaľ kovové lešenie  |b Košickú autobusovú stanicu by mali zrekonštruovať do troch mesiacov 
300 |b 2 foto 
650 0 7 |a autobusová doprava   |2 KEVKJB  |9 70865 
650 0 7 |a stanica autobusová  |2 KEVKJB  |9 1019805 
650 0 7 |a rekonštrukcie  |2 KEVKJB  |9 24616 
651 7 |a Košice (Slovensko)  |2 KEVKJB  |9 18694 
651 7 |a KE,  |2 KEVKJB  |9 877256 
655 7 |a periodikum  |2 snkbucl  |9 29553 
773 0 8 |t Košický večer  |g Roč. 15  |g Roč. 36, č.96, 19.5.2004, s. 1 
852 |a ZVYKNI  |b KIS3GCP 
999 |c 1673613  |d 1675543